Vainqueurs de la Champions Cup - Statistiques

Statistiques générales
  • Ce quiz a été pris 85 fois
  • Le résultat moyen est 11 sur 14
Statistiques - réponses
Titres Club Pays Années % Correct
6 Stade Toulousain France 1996, 2003, 2005, 2010, 2021, 2024
100%
3 RC Toulon France 2013, 2014, 2015
97%
2 Stade Rochelais France 2022, 2023
97%
1 Union Bordeaux-Bègles France 2025
95%
4 Leinster Irlande 2009, 2011, 2012, 2018
92%
2 Munster Irlande 2006, 2008
78%
1 CA Brive France 1997
77%
3 Saracens Angleterre 2016, 2017, 2019
74%
2 Leicester Tigers Angleterre 2001, 2002
73%
1 Bath Rugby Angleterre 1998
58%
1 Northampton Saints Angleterre 2000
58%
2 Wasps Angleterre 2004, 2007
58%
1 Ulster Irlande 1999
55%
1 Exeter Chiefs Angleterre 2020
54%
Aucun quiz correspondant
Distribution des résultats
% des personnes avec chaque résultat
Percentile par nombre de réponses
Votre historique - résultats
Vous n’avez pas pris ce quiz